| 000 | 00465nam a22001817a 4500 | ||
|---|---|---|---|
| 003 | OSt | ||
| 005 | 20180116183105.0 | ||
| 008 | 170731b xxu||||| |||| 00| 0 eng d | ||
| 020 | _a9788131785966 | ||
| 040 | _c0 | ||
| 082 | _a650.4093 KAR 2012 | ||
| 100 | _aMarvin Karlins, Ashok Kapoor | ||
| 245 |
_aTime Management _cMarvin Karlins, Ashok Kapoor |
||
| 260 |
_aIndia _bPearson _c2012 |
||
| 300 |
_a139p. _bpb |
||
| 440 | _aTime Management | ||
| 942 |
_2ddc _cBK |
||
| 999 |
_c352035 _d352035 |
||